000 00535nam a22001817a 4500
005 20231114060211.0
008 231114b |||||||| |||| 00| 0 eng d
020 _a9780409019049
041 _aEnglish
082 _a345 TER
100 _aTerblanche, SS
_lEnglish
245 _aGuide to Sentencing in South Africa /
_cSS Terblanche
250 _a2nd Edition
260 _aDurban :
_bLexisNexis,
_c2007
300 _bxxxiii, 534 pages ;
_c25 cm.
650 _aLegal practice
_bLaw
942 _cBK
_6ALISON_BN_VRIES
999 _c591
_d591